00249nam a2200097Ia 4500008004100000041000800041082001600049100001800065245004500083260002300128240624s9999 xx 000 0 und d aeng a658.314 HIL aHILL NAPOLEON aROAD TO SUCCESS TIMELESS ADVICE FOR TODA aNoidabJaico Books